000 01167nam a2200229Ia 4500
003 Ost
005 20260416102353.0
008 260416s9999||||xx |||||||||||||| ||und||
040 _cfsecg
041 _aara
082 _a657.46
100 _aبن ناصر، عبد الحميد
_eمؤلف
245 0 _aدروس في المحاسبة المالية :
_b تمارين وحلول /
_c عبد الحميد بن ناصر
260 _aالجزائر
_bجامعة الجزائر3: كلية العلوم الإقتصادية، العلوم التجارية وعلوم التسيير
_c2018
300 _a109 ورقة
_bايضاحات
_c30 سم
520 _aالاطار النظري للمحاسبة: الميزانية، الحساب، الدورة المحاسبية، المعالجة المحاسبية لعناصر الميزانية، تمارين وحلول.
653 _aالمحاسبة التحليلية
653 _aالموازنة
653 _aالميزانية
710 _aجامعة الجزائر3: كلية العلوم الإقتصادية، العلوم التجارية وعلوم التسيير
_eناشر علمي
942 _cHANDOUT
999 _c41094
_d41094